Statistics for Formula 1 Race Calendar 2013

Click here to take the quiz!

General Stats

  • This quiz has been taken 690 times
  • The average score is 17 of 19

Answer Stats

Round Date Answer % Correct
117 MarchAustralia
98%
512 MaySpain
97%
1924 NovemberBrazil
97%
314 AprilChina
96%
830 JuneGreat Britain
95%
914 JulyGermany
95%
1817 NovemberUSA
95%
128 SeptemberItaly
94%
626 MayMonaco
93%
421 AprilBahrain
92%
79 JuneCanada
91%
224 MarchMalaysia
91%
1513 OctoberJapan
91%
1125 AugustBelgium
90%
1322 SeptemberSingapore
90%
173 NovemberUAE
88%
1028 JulyHungary
87%
1627 OctoberIndia
84%
146 OctoberSouth Korea
70%

Score Distribution

Percentile by Number Answered

Percent of People with Each Score

Your Score History

You have not taken this quiz